000 00488nam a2200145Ia 4500
008 211109s9999||||xx |||||||||||||| ||und||
082 _a894.8121
_bUNI-M
100 _aUniversity Of Madras,
245 0 _aMalayalam Text Intermediate Examination Arts Intro Selections in Malayalam
260 _bNATIONAL BOOKSTALL
_aKottayam
_c1916
300 _a216p.
630 _xGeneral Stack
650 _aLiteratures of other languages
_vMalayalam LiteratureMalayalam Poetry
_xMalayalam
942 _cBOOK
999 _c5064
_d5064